000 00273nam a2200109Ia 4500
008 200302s9999 xx 000 0 und d
100 _aAndrea Bettella
245 _aQuinlan Terry Selected Works
260 _bAcademy Editions Group Ltd.
260 _c1993
300 _a143 P.,
999 _c1167
_d1167